|
|
|
|
| LEADER |
00000nab a2200000ua 4500 |
| 001 |
vtls010834113 |
| 003 |
SK-MaSNL |
| 005 |
20260304030212.0 |
| 008 |
250310s xo |||||||||||||||||slo| |
| 035 |
|
|
|a (urnnbn)urn:nbn:sk:snk:ar-a06nna
|
| 035 |
|
|
|a urn:nbn:sk:snk-ab5ydp
|
| 035 |
|
|
|a (uuid)6d227aad-a8a3-40c1-8050-9a5d425f3e1b
|
| 040 |
|
|
|a SNKBUCL
|b slo
|c SNKBUCL
|e AACR2
|
| 041 |
0 |
|
|a slo
|
| 044 |
|
|
|a xo
|c SK
|
| 100 |
1 |
|
|a Štúr, Ivan,
|d 1933-2015
|4 aut
|9 161143
|
| 245 |
1 |
0 |
|a Životný štýl
|c I. Štúr
|
| 773 |
0 |
|
|t Revue medicíny v praxi : odborný zdravotnícky časopis
|g Roč. 3, č. 4 (2005-2006), s. 27
|
| 958 |
|
|
|a OND
|
| 958 |
|
|
|a EUIPO
|
| 958 |
|
|
|a article5
|
| 999 |
|
|
|c 2632467
|d 2634397
|